| 000 | 00676nam a22002057a 4500 | ||
|---|---|---|---|
| 999 |
_c57 _d57 |
||
| 003 | AR-CdUCM | ||
| 008 | 190221b ||||| |||| 00| 0 spa d | ||
| 020 | _a9788489311145 | ||
| 040 |
_aMUNICIPALIDAD PROVINCIAL DEL CUSCO _cBIBLIOTECA MUNICIPAL DEL CUSCO |
||
| 082 |
_a869.56 / _bD87 |
||
| 100 |
_aDolarea de Ramon, José _9279 |
||
| 245 |
_aRomances del Algarróbo y de la Arena / _cDolarea de Ramon José |
||
| 260 |
_aPiura : _bUniversidad de Piura , _c1972. |
||
| 300 |
_a80 paginas ; _c17 cm. |
||
| 650 |
_aPoesia Peruana _9280 |
||
| 650 |
_aPoesia Piurana. _9281 |
||
| 650 |
_aPoesia Lationamericana Contemporánea. _9282 |
||
| 942 |
_2ddc _cLIBROS |
||
| 945 |
_artm _d2019-02-21 |
||